=LDR 00000nam 2200000 4500 =001 INLIS000000000042677 =005 20131008015500 =008 ***********************************Ind** =035 ##$$0010-101300000000599 =041 ##$$a Ind =082 ##$$a 649.123 =090 ##$$a 649.123, Rit b =100 ##$$a Rita Juniriana Primisasiki =245 ##$$a Balitaku sehat, Rita Juniriana Primisasiki, Sp.A ; editor, Rohana Kusumawati =260 ##$$a 2009 $b Jakarta =300 ##$$a iv, 60 hlm., ilus, 24 cm =650 ##$$a Anak - Balita - Perawatan =850 ##$$a NBPNMAT =990 ##$$a 21400613/BPAP-NTB/20142014 =990 ##$$a 0001/BPAP-NTB/20142014